Movies Quiz

Random Movies Quiz

20 Famous Movie Weddings Quiz Stats

 Plays Quiz Updated Aug 14, 2014

Support Sporcle.
Go Orange.
Score 0/20 Timer 08:00
1 Play Today
% Correct
Wedding Crashers
91.2%
My Big Fat Greek Wedding
83.4%
Father of the Bride
81.3%
Bridesmaids
80.1%
The Wedding Singer
79.1%
Runaway Bride
75.7%
Coming to America
75.1%
Mamma Mia!
70.2%
The Princess Bride
68.8%
American Wedding
68.5%
% Correct
4 Weddings and a Funeral
67.6%
My Best Friend's Wedding
64%
The Godfather
57.8%
27 Dresses
56.5%
I Now Pronounce You Chuck and Larry
54%
Spaceballs
52.1%
Bride Wars
45.2%
The Wedding Planner
40.2%
Fantastic Four Rise of the Silver Surfer
38.5%
The 40 Year Old Virgin
32.7%

You're not logged in!

Compare scores with friends on all Sporcle quizzes.
OR
Log In

From the Vault

John Williams Scored Movies

by Hejman

Can John Williams just score all movies?
Remove Ads.
Support Sporcle.
Get the best of Sporcle when you Go Orange. This ad-free experience offers more features, more stats, and more fun while also helping to support Sporcle. Thank you for becoming a member.

Show Comments

Extras

Top Quizzes Today


Score Distribution

Your Account Isn't Verified!

In order to create a playlist on Sporcle, you need to verify the email address you used during registration. Go to your Sporcle Settings to finish the process.

Report this User

Report this user for behavior that violates our Community Guidelines.

Details: